00335nam a2200133Ia 4500008004100000020001500041041001200056082001600068100002000084245004000104260003300144300000800177650001600185221030s9999 xx 000 0 und d a8187522046 aEnglish a105.23bMah aP. B. Mahapatra 0aThinking In C++cby P. B. Mahapatra bKhanna Pub.aNew Delhic1999 a683 aBE Computer